Statystyki dla 20 największych miast w województwie dolnośląskim

Kliknij tutaj aby rozwiązać quiz!

Ogólne statystyki

  • Ten quiz został rozwiązany 117 razy
  • Średni wynik to 14 z 20

Statystyki odpowiedzi

HintOdpowiedź% Poprawnych
1.Wrocław
99%
3.Legnica
93%
2.Wałbrzych
92%
4.Jelenia Góra
90%
5.Lubin
85%
6.Głogów
83%
14.Kłodzko
82%
7.Świdnica
76%
8.Bolesławiec
75%
9.Oleśnica
74%
12.Zgorzelec
74%
11.Dzierżoniów
67%
10.Oława
67%
17.Polkowice
63%
16.Jawor
59%
20.Kamienna Góra
51%
18.Nowa Ruda
45%
13.Bielawa
41%
19.Lubań
38%
15.Świebodzice
33%

Rozkład punktacji

Percentyl według liczby udzielonych odpowiedzi

Procent ludzi z każdym wynikiem

Twoja historia wyników

Nie rozwiązałeś tego quizu